Estadísticas para Nombres en catalán

Haz click aquí para intentar la prueba.

Estadísticas generales

  • Esta prueba ha sido intentada 389 veces
  • La puntuación promedio es 21 de 31

Estadísticas de respuestas

HintRespuesta% Correcto
EnricEnrique
92%
SergiSergio
91%
XavierJavier
90%
JaumeJaime
89%
ManelManuel
89%
SimóSimón
89%
VicençVicente
89%
JoanaJuana
88%
PauPaz/Pablo
87%
EsteveEsteban
84%
MercéMercedes
84%
BernatBernardo
83%
FerranFernando
83%
BartomeuBartolomé
81%
JordiJorge
81%
PerePedro
81%
AssumptaAsunción
68%
RemeiRemedios
68%
AinaAna
66%
NeusNieves
66%
MarionaMaría
60%
AleixAlejo
54%
FeliuFelipe
54%
ArnauArnaldo
53%
MireiaMaría/Mireya
52%
LluraLaura
44%
DidacDiego
42%
LaiaEulalia
22%
LluçLúcio
22%
OleguerOlegario
19%
CugatCucufate
16%

Distribución de puntuación

Porcentaje por número respondido

Porcentaje de gente con cada puntuación

Historial de tus puntuaciones

No has intentado esta prueba.